书目信息 |
| 题名: |
微观化学反应
|
|
| 作者: | 俞书勤 编著 | |
| 分册: | ||
| 出版信息: | 合肥 安徽科学技术出版社 1985 |
|
| 页数: | 113页 | |
| 开本: | 20cm | |
| 丛书名: | ||
| 单 册: | ||
| 中图分类: | O643.1 | |
| 科图分类: | ||
| 主题词: | 微观-化学反应 , 化学反应-微观 | |
| 电子资源: | ||
| ISBN: | ||
| 000 | 00596nam0 2200229 45 | |
| 001 | 0185009551 | |
| 005 | 20060801103207.04 | |
| 010 | @dCNY0.75 | |
| 100 | @a19900829d1985 em y0chiy0121 ea | |
| 101 | 0 | @achi |
| 102 | @aCN@b340000 | |
| 105 | @af z 000yy | |
| 200 | 10 | @a微观化学反应@Awei guan hua xue fan ying@f俞书勤编著 |
| 210 | @a合肥@c安徽科学技术出版社@d1985 | |
| 215 | @a113页@d20cm | |
| 606 | @a微观-化学反应 | |
| 606 | @a化学反应-微观 | |
| 690 | @aO643.1@v3 | |
| 701 | 0 | @a俞书勤@Ayu shu qin@4编著 |
| 801 | 2 | @aCN@bNLC@c20060801 |
| 801 | 0 | @aCN@bTSSF |
| 905 | @a10447@dO643.1@e49 | |
| 微观化学反应/俞书勤编著.-合肥:安徽科学技术出版社,1985 |
| 113页;20cm |
| ISBN :CNY0.75 |
| ● |
| 相关链接 |
|
|
|
|
正题名:微观化学反应
索取号:O643.1/49
 
预约/预借
| 序号 | 登录号 | 条形码 | 馆藏地/架位号 | 状态 | 备注 |
| 1 | 0434276 | 204342764 | 密集书库/ [索取号:O643.1/49] | 在馆 |